书目信息 |
| 题名: |
体育人类学
|
|
| 作者: | 席焕久 主编 | |
| 分册: | ||
| 出版信息: | 北京 北京体育大学出版社 2001 |
|
| 页数: | 340页 | |
| 开本: | 19cm | |
| 丛书名: | 中国当代体育丛书 | |
| 单 册: | ||
| 中图分类: | G80-05 | |
| 科图分类: | ||
| 主题词: | 体育--关系--人类学 | |
| 电子资源: | ||
| ISBN: | 7-81051-619-1 | |
| 000 | 00625nam0 2200217 45 | |
| 001 | 0310262038 | |
| 005 | 20031219104120.9 | |
| 010 | @a7-81051-619-1@dCNY18.00 | |
| 100 | @a20031026d2001 km y0chiy0120 ea | |
| 101 | 0 | @achi |
| 105 | @a z 000yy | |
| 200 | 1 | @a体育人类学@ATi Yu Ren Lei Xue@f席焕久主编@FXi Huan Jiu Zhu Bian |
| 210 | @a北京@c北京体育大学出版社@d2001 | |
| 215 | @a340页@d19cm | |
| 225 | @a中国当代体育丛书 | |
| 410 | @12001 @a中国当代体育丛书 | |
| 606 | 0 | @a体育@x关系@x人类学 |
| 690 | @aG80-05@v4 | |
| 701 | @a席焕久@4主编 | |
| 801 | @aCN@bTSTC@c20031026 | |
| 905 | @a213230@b327562-563@dG80-05@e121@f2 | |
| 体育人类学/席焕久主编.-北京:北京体育大学出版社,2001 |
| 340页;19cm.-(中国当代体育丛书) |
| ISBN 7-81051-619-1:CNY18.00 |
| ● |
| 相关链接 |
|
|
|
|
正题名:体育人类学
索取号:G80-05/121
 
预约/预借
| 序号 | 登录号 | 条形码 | 馆藏地/架位号 | 状态 | 备注 |
| 1 | 0327562 | 203275623 | 第四借阅区/ [索取号:G80-05/121] | 在馆 | |
| 2 | 0327563 | 203275632 | 第一样本阅览室/ [索取号:G80-05/121] | 在馆 |